[Event "Avoine op 30th"]
[Site "Avoine"]
[Date "2015.07.19"]
[Round "2"]
[White "Steinle, Thibaud"]
[Black "Dreux, Vincent"]
[Result "0-1"]
[WhiteElo "2079"]
[BlackElo "1946"]
[PlyCount "96"]
[EventDate "2015.07.18"]
[EventType "swiss"]
[EventRounds "9"]
[EventCountry "FRA"]
[SourceTitle "EXT 2016"]
[Source "ChessBase"]
[SourceDate "2015.10.08"]
[SourceVersion "1"]
[SourceVersionDate "2015.10.08"]
[SourceQuality "1"]

1. e4 c6 2. d4 d5 3. Nc3 dxe4 4. Nxe4 Bf5 5. Ng3 Bg6 6. Nf3 e6 7. h4 h6 8. h5 Bh7 9. Bd3 Bxd3 10. Qxd3 Nf6 11. Bd2 Nbd7 12. 0-0-0 Qc7 13. Kb1 0-0-0 14. Ne4 Nc5 15. Nxc5 Bxc5 16. Qc4 Bd6 17. Qe2 Kb8 18. c4 c5 19. Bc3 Rhe8 20. Rh4 Bf8 21. Qe5 Bd6 22. Qe2 Bf8 23. a3 Nd7 24. Qd2 Be7 25. Rg4 Bf6 26. Qf4 Qxf4 27. Rxf4 cxd4 28. Ba5 b6 29. Be1 e5 30. Rg4 Nc5 31. b4 Ne6 32. Nd2 Be7 33. f3 f5 34. Rg3 Bf6 35. Kc2 Nf4 36. Nf1 Nxh5 37. Rh3 Nf4 38. Rh2 Kb7 39. Ng3 d3+ 40. Kb1 e4 41. Nxf5 e3 42. c5 e2 43. Rd2 bxc5 44. bxc5 Kc6 45. Nd6 Bc3 46. Nxe8 Bxd2 47. Bxd2 Rxe8 48. Be1 d2 0-1

[Event "Metz op-B 28th"]
[Site "Metz"]
[Date "2010.04.11"]
[Round "3"]
[White "Muller, Christophe"]
[Black "Dreux, Vincent"]
[Result "0-1"]
[WhiteElo "1800"]
[BlackElo "1906"]
[PlyCount "38"]
[EventDate "2010.04.10"]
[EventType "swiss"]
[EventRounds "9"]
[EventCountry "FRA"]
[SourceTitle "CBM 136 Extra"]
[Source "ChessBase"]
[SourceDate "2010.07.02"]
[SourceVersion "2"]
[SourceVersionDate "2010.07.15"]
[SourceQuality "1"]

1. e4 c6 2. d4 d5 3. Nc3 dxe4 4. Nxe4 Bf5 5. Ng3 Bg6 6. Nf3 Nd7 7. Bc4 e6 8. 0-0 Qc7 9. c3 Be7 10. Re1 Ngf6 11. Qe2 0-0-0 12. b4 Rhe8 13. Ne5 Nd5 14. Bd2 Nxe5 15. Qxe5 Qxe5 16. Rxe5 Nxb4 17. Bxe6+ fxe6 18. cxb4 Bf6 19. Ree1 Bxd4 0-1

[Event "Metz op 27th"]
[Site "Metz"]
[Date "2009.04.14"]
[Round "5"]
[White "Lersy, Xavier"]
[Black "Dreux, Vincent"]
[Result "1-0"]
[WhiteElo "2053"]
[BlackElo "1940"]
[PlyCount "76"]
[EventDate "2009.04.11"]
[EventType "swiss"]
[EventRounds "9"]
[EventCountry "FRA"]
[SourceTitle "CBM 129 Extra"]
[Source "ChessBase"]
[SourceDate "2009.05.05"]
[SourceVersion "2"]
[SourceVersionDate "2009.05.20"]
[SourceQuality "1"]

1. d4 d5 2. c4 c6 3. Nc3 Nf6 4. Nf3 a6 5. c5 b6 6. cxb6 Qxb6 7. Na4 Qc7 8. Qb3 Nbd7 9. g3 Rb8 10. Qc2 e6 11. a3 Bd6 12. Bd2 Ne4 13. Rc1 Nxd2 14. Nxd2 Bb7 15. Bg2 0-0 16. e4 Rfc8 17. 0-0 c5 18. dxc5 Nxc5 19. Nxc5 Bxc5 20. Kh1 Qe7 21. Qd3 d4 22. f4 f6 23. b4 Ba7 24. Nc4 Bc6 25. e5 Bb5 26. exf6 gxf6 27. Rfe1 Qd7 28. Qb3 Re8 29. Nb2 Rb6 30. f5 Kg7 31. Qf3 e5 32. a4 Bc6 33. Rxc6 Rxb4 34. Nc4 e4 35. Qg4+ Kf7 36. Bxe4 Qxc6 37. Bxc6 Rxe1+ 38. Kg2 Ke7 1-0

[Event "Metz op 26th"]
[Site "Metz"]
[Date "2008.04.21"]
[Round "3"]
[White "Laurent, Bruno"]
[Black "Dreux, Vincent"]
[Result "1-0"]
[WhiteElo "2346"]
[BlackElo "1940"]
[PlyCount "57"]
[EventDate "2008.04.19"]
[EventType "swiss"]
[EventRounds "9"]
[EventCountry "FRA"]
[SourceTitle "CBM 123 Extra"]
[Source "ChessBase"]
[SourceDate "2008.05.06"]
[SourceVersion "1"]
[SourceVersionDate "2008.05.06"]
[SourceQuality "1"]

1. e4 c6 2. c4 d5 3. exd5 cxd5 4. cxd5 Qxd5 5. Nc3 Qa5 6. d4 Nf6 7. Bc4 Nc6 8. Nf3 e6 9. 0-0 Be7 10. Bf4 0-0 11. Qe2 Rd8 12. Rad1 Nb4 13. Ne5 Nbd5 14. Bd2 Qb6 15. Bg5 Qc7 16. Rfe1 a6 17. Qf3 Nxc3 18. bxc3 b5 19. Bd3 Bb7 20. Qh3 h5 21. Bxf6 Bxf6 22. Qxh5 g6 23. Qg4 Bxe5 24. Rxe5 Kg7 25. h4 Qxc3 26. Bxg6 fxg6 27. Rxe6 Bd5 28. Qxg6+ Kh8 29. Re7 1-0